01109nam a2200217Ia 4500952011300000999001700113008004100130020001500171050002000186100002900206245009900235260003400334300001800368490003500386500006000421505033100481519000900812650003000821650002800851942001200879 00102lcc4070a11b11d2007-01-08l4oBF175.S48 W53p11 006294r2023-07-14s2016-11-05t1w2012-06-26yLB c71486d71486120626s2004 mx 000 0 spa d a9682325099 aBF175.S48 bW53 aWidlocher, Danieleautor aSexualidad infantil y apego c/ Daniel Widlocher: traducción de Eduardo Lucio Molina y Vedia aMéxicob: Siglo XXIc, 2004 a189 páginas aPsicología y psicoanálisis aTítulo original : sexuaité infantile et attachement aAmor primario y sexualidad infantil: El debate de siempre Sexualidad y apego en la metapsicología El origen de la sexualidad infantil Sexualidad y erotismo, de la sexualidad a la fantasía Sexual y actual La sexualidad infantil y el autoerotismo de la transferencia La separación Apego y sexualidad infantil a d  0aNIÑOS xCONDUCTA SEXUAL 0aAPEGO (PSICOANÁLISIS) cLB2lcc